000 00723nam a2200253Ia 4500
001 Z_4474
003 CHAP
008 220113s1987 xx 000 0 und d
010 _a167547
040 _cCHAP
090 _aFolleto 34
100 _aMargollés Meigide, Estrella
_971349
245 _aPrincipales enfermedades metabólicas de las vacas lecheras /
_cpor Estrella Margollés Meigide
260 _aLa Habana :
_bInstituto Superior de Ciencias Agropecuarias de la Habana,
_c1987
300 _a23 p.
650 _aGanado lechero
_xEnfermedades
_945260
650 _aMetabolismo en rumiantes
_975155
901 _aFOLLETO 34
902 _aM
910 _a1987
942 _cc14
942 _cc14
999 _c167547
_d167547